000 00577nas a2200229 i 4500
001 140
003 ES-MaACL
005 20250806014148.0
007 t|
008 950801d19321936sp | | 1 ||pa d
022 _a0212-7954
080 _a616
245 0 0 _aAnales de medicina interna.
260 _aMadrid :
_bEspasa-Calpe,
_c1932-1936.
300 _a4 v. :
_bil. ;
_c25 cm.
310 _aMensual
362 0 _aV. I (en. 1932)-(1936?)
650 0 7 _aMedicina interna
_2embne
_914925
852 _aES-MaACL
_jHem-510
866 0 _o1932-34(1935).
999 _c140
_d140